Advances in time-delay systems /

Guardado en:
Otros Autores: Niculescu, Silviu-Iulian. (Editor ), Gu, Keqin, 1957- (Editor )
Formato: Libro
Idioma:English
Publicado: Berlin : Springer-Verlag, c2004.
Series:Lecture notes in computational science and engineering, 38
Materias:
Acceso en línea:Publisher description
Etiquetas: Agregar Etiqueta
Sin Etiquetas, Sea el primero en etiquetar este registro!
LEADER 04591cam a22002774a 4500
001 MAT.inmabb006474
008 040219s2004####gw#a#####b####001#0#eng##
005 20120807132230.0
245 0 0 |a Advances in time-delay systems /  |c Silviu-Iulian Niculescu, Keqin Gu, editors. 
260 |a Berlin :  |b Springer-Verlag,  |c c2004. 
300 |a xiii, 446 p. :  |b il. ;  |c 24 cm. 
440 0 |a Lecture notes in computational science and engineering,  |x 1439-7358 ;  |v 38 
500 |a "Most of the chapters are based on the materials presented in the CNRS-NSF workshop [...] held in Paris in January 22-24, 2003."--Preface. 
504 |a Incluye referencias bibliográficas e índice. 
505 0 |a Sjoerd M. Verduyn Lunel, Basic theory for linear delay equations -- Vladimir L. Kharitonov, Complete type Lyapunov-Krasovskii functionals -- Jie Chen and Silviu-Iulian Niculescu, Robust stability conditions of quasipolynomials by frequency sweeping -- Rifat Sipahi and Nejat Olgac, Improvements on the cluster treatment of characteristic roots and the case studies -- Pierre-Alexandre Bliman, From Lyapunov-Krasovskii functionals for delay-independent stability to LMI conditions for $ mu$-analysis -- Sabine Mondié and Jean Jacques Loiseau, Finite eigenstructure assignment for input delay systems -- Vladimir Rasvan and Dan Popescu, Control of systems with input delay: an elementary approach -- Frédéric Mazenc, Sabine Mondié and Silviu-Iulian Niculescu, On the stabilization of systems with bounded and delayed input -- Lotfi Belkoura, Michel Dambrine, Yuri Orlov [Yu. V. Orlov] and Jean-Pierre Richard, Identifiability and identification of linear systems with delays -- Anas Fattouh and Olivier Sename, A model matching solution of robust observer design for time-delay systems -- Alfredo Bellen and Marino Zennaro, Adaptive integration of delay differential equations -- Dirk Roose, Tatyana Luzyanina, Koen Engelborghs and Wim Michiels, Software for stability and bifurcation analysis of delay differential equations and applications to stabilization -- Richard Datko, Empirical methods for determining the stability of certain linear delay systems -- James Louisell, Stability exponent and eigenvalue abscissas by way of the imaginary axis eigenvalues -- Wim Michiels, Sabine Mondié, Dirk Roose and Michel Dambrine, The effect of approximating distributed delay control laws on stability -- Jack K. Hale, Synchronization through boundary interaction -- Emilia Fridman, Output regulation of nonlinear neutral systems -- Catherine Bonnet and Jonathan R. Partington, Robust stability analysis of various classes of delay systems -- Rabah, Rabah, Grigory M. Sklyar and Alexandr V. Rezounenko [A. V. Rezunenko], On strong stability and stabilizability of linear systems of neutral type -- Salvador A. Rodriguez, Jean-Michel Dion and Luc Dugard, Robust delay dependent stability analysis of neutral systems -- Xin Yuan, Mehmet Önder Efe and Hitay Özbay, On delay-based linear models and robust control of cavity flows -- Anuradha M. Annaswamy, Active-adaptive control of acoustic resonances in flows -- Rogelio Lozano, Pedro Garcia Gil, Pedro Castillo and Alejandro Dzul, Robust prediction-based control for unstable delay systems -- Damia Taoutaou, Silviu-Iulian Niculescu and Keqin Gu, Robust stability of teleoperation schemes subject to constant and time-varying communication delays -- Sophie Tarbouriech, Chaouki T. Abdallah and Marco Ariola, Bounded control of multiple-delay systems with applications to ATM networks -- J. Douglas Birdwell, John Chiasson, Zhong Tang, Chaouki Abdallah, Majeed M. Hayat and Tsewei Wang, Dynamic time delay models for load balancing. I. Deterministic models -- Majeed M. Hayat, Sagar Dhakal, Chaouki T. Abdallah, J. Douglas Birdwell and John Chiasson, Dynamic time delay models for load balancing. II. A stochastic analysis of the effect of delay uncertainty -- Erik I. Verriest, Asymptotic properties of stochastic delay systems -- Wassim M. Haddad and VijaySekhar Chellaboina [Vijaya-Sekhar Chellaboina], Stability and dissipativity theory for nonnegative and compartmental dynamical systems with time delay. 
510 4 |a MR,  |c 2005d:93003 
020 |a 3540208909 (pbk.) 
700 1 |a Niculescu, Silviu-Iulian.  |4 edt 
700 1 |a Gu, Keqin,  |d 1957-  |4 edt 
650 0 |a Automatic control. 
650 0 |a Time delay systems. 
084 |a 93-06 (34Kxx 93C23)  |2 msc2000 
010 |a  2004102413 
040 |a DLC  |c DLC  |d DLC 
856 4 2 |3 Publisher description  |u http://www.loc.gov/catdir/enhancements/fy0813/2004102413-d.html 
859 |h 93  |i N663  |p A-8676  |b BIB. MATEMATICA